| 000 | 00774nam a2200229Ia 4500 | ||
|---|---|---|---|
| 001 | 4225 | ||
| 003 | GE_BSU | ||
| 008 | 181216s||||||||xx |||||||||||||| ||und|| | ||
| 040 | _cGE_BSU | ||
| 080 | _a665.63(076) | ||
| 100 | _aСмидович,Е.В. Лукашевич,И.П. Гаглоева,О.Ф. | ||
| 245 | _aПрактикум по технологии переработки нефти. | ||
| 245 | _cПод. ред. Е.В.Смидович, И.П.Лукашевич. | ||
| 250 | _aИзд. 3-е, пер. и доп. | ||
| 260 | _aМ. | ||
| 260 | _bХимия. | ||
| 260 | _c1978. | ||
| 300 | _a288 стр. 22 см. | ||
| 300 | _e2 табл. 100 рис. | ||
| 653 | _aПрактикум по технологии переработки нефти. | ||
| 942 | _cBK | ||
| 999 |
_c38235 _d38235 |
||